000 00399cam a2200145ua 4500
041 _aeng
_h
082 _a822
_bGRA/PR
100 _aGray, Nicholas Stuart.
245 _aPrincess and the swinehead: a play for children /
_cNicholas stuart Gray.
_hTextual Documents
260 _aLondon :
_bOxford University Press ,
_c1957.
300 _a108 ; .
504 _a
942 _cBK
999 _c6042
_d6042